| 000 | 02478nam a22003497a 4500 | ||
|---|---|---|---|
| 005 | 2009080405165.0 | ||
| 008 | 090728t xxu||||| |||| 00| 0 pun d | ||
| 010 | _aPUN-7273 B-464950-954 | ||
| 020 | _c100.00 | ||
| 035 | _aPN-6391 B-464950-954 | ||
| 037 | _bDBAD / PUB | ||
| 037 | _bRBC/Vender | ||
| 040 |
_adpl _bPN |
||
| 082 | _a851.08 | ||
| 100 | _937323 | ||
| 245 |
_aਸੰਤ ਸਿੰਘ ਸੇਖੋ : ਜੀਵਨ ਅਤੇ ਦਰਸ਼ਨ / _cਤੇਜਵੰਤ ਸਿੰਘ ਗਿੱਲ ਦ੍ਵਾਰਾ ਸੰਪਾਦਿਤ |
||
| 246 |
_aSant Singh Sekhon :Jeewan Ate Darshan _bed by Tejwant Singh Gill |
||
| 260 |
_aਦਿੱਲੀ _bਪੰਜਾਬੀ ਅਕਾਦਮੀ _c2010 |
||
| 270 |
_aਡੀ.ਡੀ.ਏ.ਕਮਿਉਨਿਟੀ ਸੈਂਟਰ,ਮੋਤੀਆ ਖਾਨ,ਪਹਾਡ਼ ਗਂਜ _bਨਵੀਂ ਦਿੱਲੀ _k011-23616243,23616265 _e110055 |
||
| 300 |
_a126ਸਫੇ _b22 ਸੇਂਮੀ (ਸਜਿਲਦ) |
||
| 650 | _937324 | ||
| 650 | _937325 | ||
| 700 |
_937326 _aਤੇਜਵੰਤ ਸਿੰਘ ਗਿੱਲ |
||
| 942 |
_2ddc _cPN _h851.08 _mਸੰਤਸਿੰ |
||
| 999 |
_c59863 _d59863 |
||